000 00578nam a2200145Ia 4500
008 100122s9999 xx 000 0 und d
082 _b10689
_a658.3044
100 _aएक अभ्यासू
245 _aनोकरी करणारांसाठी मार्गदर्शन
260 _bउद्यम प्रकाशन
_c1958
300 _a52
630 _aनोकरी करणारांसाठी मार्गदर्शन
730 _aनोकरी करणारांसाठी मार्गदर्शन
942 _cBOOK
999 _c402282
_d402279